<?xml version="1.0" encoding="UTF-8"?>
<marc:record xmlns:marc="http://www.loc.gov/MARC21/slim">
   <marc:leader>00000nam a2200000 a 4500</marc:leader>
   <marc:datafield ind1="0" ind2="0" tag="245">
      <marc:subfield code="a">Sommerleuchten</marc:subfield>
   </marc:datafield>
   <marc:datafield ind1="0" ind2="0" tag="245">
      <marc:subfield code="b">Roman</marc:subfield>
   </marc:datafield>
   <marc:datafield ind1=" " ind2="1" tag="264">
      <marc:subfield code="a">München</marc:subfield>
      <marc:subfield code="b">Bertelsmann Verlag</marc:subfield>
      <marc:subfield code="c">1987</marc:subfield>
   </marc:datafield>
   <marc:datafield ind1="1" ind2=" " tag="520">
      <marc:subfield code="a">Mountfern ist eine verschlafene kleine irische Stadt, in der stets alles seinen gewohnten Gang geht. Die Menschen hier kümmmern sich um sich selbst - und um die Angelegenheiten ihrer Nachbarn. Doch plötzlich taucht eines Sommer der reiche Patrick O'Neill auf, der aus dem verfallenen Gut Fernscourt, das bisher nur als Kinderspielplatz diente, ein elegantes Hotel für wohlhabende Amerikaner machen will. Der ehemals friedliche Ort spaltet sich schnell in Anhänger und erbitterte Feinde dieses Plans, und am Ende des Sommers haben neu entstandene Allianzen und aufgeflammte Leidenschaften das ruhige Leben in Mountfern zerstört.</marc:subfield>
   </marc:datafield>
   <marc:datafield ind1=" " ind2=" " tag="338">
      <marc:subfield code="a">Band</marc:subfield>
   </marc:datafield>
   <marc:datafield ind1=" " ind2=" " tag="300">
      <marc:subfield code="a">767 Seiten</marc:subfield>
   </marc:datafield>
</marc:record>
